[Event "FRA-chT4 1415"]
[Site "Champagne Ardennes"]
[Date "2014.12.12"]
[Round "?"]
[White "Moret, Florian"]
[Black "Massart, Jeremy"]
[Result "1/2-1/2"]
[WhiteElo "1935"]
[BlackElo "1880"]
[PlyCount "62"]
[EventDate "2014.10.16"]
[EventType "team-tourn"]
[EventRounds "7"]
[EventCountry "FRA"]
[SourceTitle "EXT 2024"]
[Source "ChessBase"]
[SourceDate "2023.10.10"]
[SourceVersion "1"]
[SourceVersionDate "2023.10.10"]
[SourceQuality "1"]

1. e4 Nf6 2. e5 Nd5 3. c4 Nb6 4. d4 d6 5. f4 dxe5 6. fxe5 Nc6 7. Be3 Bf5 8. Nf3 Nb4 9. Na3 e6 10. Be2 Be7 11. 0-0 0-0 12. Qb3 c6 13. d5 cxd5 14. c5 d4 15. Nxd4 N6d5 16. Nxf5 exf5 17. Rfd1 Qd7 18. Bc4 Rad8 19. Nb5 Qc6 20. Nxa7 Qe6 21. Bd4 Ra8 22. Nb5 Rfd8 23. Nc7 Qc6 24. Nxa8 b5 25. Bxd5 Nxd5 26. Nb6 Nf4 27. Qf3 Qxf3 28. gxf3 Rxd4 29. Nd7 Rc4 30. Kf1 Rc2 31. Rac1 Rxh2 1/2-1/2

[Event "FRA-chT4 1314"]
[Site "Champagne Ardennes"]
[Date "2013.12.15"]
[Round "3"]
[White "Picard, Serge"]
[Black "Massart, Jeremy"]
[Result "1/2-1/2"]
[WhiteElo "2112"]
[BlackElo "1830"]
[PlyCount "73"]
[EventDate "2013.10.25"]
[EventType "team-tourn"]
[EventRounds "7"]
[EventCountry "FRA"]
[SourceTitle "EXT 2024"]
[Source "ChessBase"]
[SourceDate "2023.10.10"]
[SourceVersion "1"]
[SourceVersionDate "2023.10.10"]
[SourceQuality "1"]

1. e4 Nf6 2. e5 Nd5 3. d4 d6 4. Nf3 Bg4 5. Bc4 e6 6. h3 Bh5 7. Qe2 Nb6 8. Bb3 Nc6 9. g4 Bg6 10. d5 Nxd5 11. Bxd5 exd5 12. exd6+ Kd7 13. dxc7 Qxc7 14. Be3 Bb4+ 15. c3 Bd6 16. Nbd2 Rad8 17. Nh4 Bf4 18. Bxf4 Qxf4 19. Nxg6 hxg6 20. 0-0-0 Kc7 21. Qf3 Qxf3 22. Nxf3 f6 23. h4 Rhe8 24. Rhe1 Rxe1 25. Rxe1 d4 26. cxd4 Nxd4 27. Nxd4 Rxd4 28. f3 Kd6 29. Kc2 Rd5 30. Re3 g5 31. h5 Re5 32. Rd3+ Rd5 33. Rxd5+ Kxd5 34. Kd3 b5 35. a3 a5 36. b3 b4 37. a4 1/2-1/2